Le Quiz sur le Canada - Statistiques

Statistiques générales
  • Ce quiz a été pris 11 fois
  • Le résultat moyen est 14 sur 40
Statistiques - réponses
Question Réponse % Correct
Ville la plus peuplée Toronto
100%
Qui a dit « Vive le Québec libre! » ? Charles de Gaulle
89%
Premier ministre de 2015 à 2025 Justin Trudeau
89%
Plat québécois à base de frites, de fromage et de sauce brune Poutine
89%
Première ville fondée par Samuel de Champlain Québec
89%
Fleuve qui coule à Montréal Saint-Laurent
89%
Sport le plus regardé Hockey sur Glace
78%
Explorateur français qui a nommé le pays Jacques Cartier
78%
Province où ces deux villes se situent Ontario
78%
Capitale Ottawa
78%
Plus grande chaîne de montagnes Montagnes Rocheuses
67%
Province qui a rejoint le Canada en 1949 Terre-Neuve
67%
Artiste ayant vendu le plus grand nombre d'albums de tous les temps Céline Dion
56%
Ville-hôte des JO d'Hiver en 1988 Calgary
44%
Roi du Canada, de jure Charles III
44%
Animal national Castor
33%
Principal pays d'origine des étrangers vivant au Canada Chine
33%
Premiers Européens sur le territoire du Canada Les Vikings
33%
Plus haute tour Tour CN
33%
Plus grande île Île de Baffin
22%
Plus petite province Île-du-Prince-Édouard
22%
Hymne national Ô Canada
22%
Archipel est le seul territoire de la Nouvelle-France non cédé aux Anglais suite à la guerre de la Conquête? Saint-Pierre-et-Miquelon
22%
Détroit traversé par les premiers Autochtones à s'être installés au Canada Détroit de Béring
11%
Sport d'origine amérindienne dans lequel les Iroquois ont une équipe nationale (La)crosse
11%
Point culminant à 5959m dans le Yukon Mont Logan
11%
Territoire inuit créé en 1999 Nunavut
11%
Colonie viking établie vers l'an 1000 Vinland
11%
Fondation du Quebec 1608
0%
Année d'indépendance 1867
0%
Fête célébrée le deuxième mardi d'octobre Action de {grâce}
0%
Plus vieux parc national (en Alberta) Banff
0%
Compagnie qui possédait au XVIIe siècle le tiers du territoire canadien Compagnie de la Baie d'Hudson
0%
Plus long fleuve Fleuve Mackenzie
0%
Oiseau qui apparait sur les pièces d'un dollar canadien Huard
0%
Invention de Joseph-Armand Bombardier au XXe siècle La motoneige
0%
Quel phénomène météorologique a privé 900 000 personnes d'électricité au Québec en 1998? Les Iroquoiens
0%
Peuple autochtone vivant sur l'île de Montréal avant l'arrivée des Européens Le verglas
0%
Nom donné au drapeau canadien Unifolié
0%
Premier francophone à occuper le poste de Premier Ministre Wilfrid Laurier
0%
Aucun quiz correspondant
Distribution des résultats
% des personnes avec chaque résultat
Percentile par nombre de réponses
Votre historique - résultats
Vous n’avez pas pris ce quiz